00360nam a2200145Ia 4500008004100000020001500041041001200056082001100068100002000079245004900099260003500148300000800183650000700191700001600198221030s9999 xx 000 0 und d a8131718292 aEnglish a105.23 aA. S. Tanenbaum 0aDistributed Systems : Principles & Paradigms bPearson EdcuationaDelhic2008 a704 aIT aM. V. Steen